| 000 -LEADER |
| fixed length control field |
00949nam a22002657a 4500 |
| 005 - DATE AND TIME OF LATEST TRANSACTION |
| control field |
20260416104419.0 |
| 008 - FIXED-LENGTH DATA ELEMENTS--GENERAL INFORMATION |
| fixed length control field |
260416b xxu||||| |||| 00| 0 eng d |
| 040 ## - CATALOGING SOURCE |
| Transcribing agency |
Cagayan State University |
| 082 ## - DEWEY DECIMAL CLASSIFICATION NUMBER |
| Classification number |
791.4372 |
| Item number |
K52 |
| 245 ## - TITLE STATEMENT |
| Title |
The King's Man / |
| Statement of responsibility, etc |
director Matthew Vaughn ; produced by Adam Bohling, Reid |
| 260 ## - PUBLICATION, DISTRIBUTION, ETC. (IMPRINT) |
| Place of publication, distribution, etc |
United States : |
| Name of publisher, distributor, etc |
20th Century Fox, |
| Date of publication, distribution, etc |
2021 |
| 300 ## - PHYSICAL DESCRIPTION |
| Extent |
1 videofile, (ca. 131 mins.) : |
| Other physical details |
sound, color. |
| 520 ## - SUMMARY, ETC. |
| Summary, etc |
In the early years of the 20th century, the Kingsman agency is formed to stand against a cabal plotting a war to wipe out millions of people. |
| 546 ## - LANGUAGE NOTE |
| Language note |
In English language. |
| 655 ## - INDEX TERM--GENRE/FORM |
| Genre/form data or focus term |
Spy |
| 655 ## - INDEX TERM--GENRE/FORM |
| Genre/form data or focus term |
Action |
| 655 ## - INDEX TERM--GENRE/FORM |
| Genre/form data or focus term |
Adventure |
| 655 ## - INDEX TERM--GENRE/FORM |
| Genre/form data or focus term |
Thriller |
| 700 ## - ADDED ENTRY--PERSONAL NAME |
| Personal name |
Vaughn, Matthew, director, writer and producer |
| 700 ## - ADDED ENTRY--PERSONAL NAME |
| Personal name |
Ifans, Rhys, stars |
| 700 ## - ADDED ENTRY--PERSONAL NAME |
| Personal name |
Arterton, Gemma, stars. |
| 700 ## - ADDED ENTRY--PERSONAL NAME |
| Personal name |
Fiennes, Ralph, stars. |
| 700 ## - ADDED ENTRY--PERSONAL NAME |
| Personal name |
Gajduse, Karl, writer. |
| 942 ## - ADDED ENTRY ELEMENTS (KOHA) |
| Source of classification or shelving scheme |
|
| Item type |
Audio-Visual Materials |